100 bài thơ Pháp từ thế kỷ XV đến thế kỷ XX (Song ngữ) = 100 poèmes francais du XVè siècle au XXè siècle

में बचाया:
ग्रंथसूची विवरण
मुख्य लेखक: 100 bài thơ Pháp từ thế kỷ XV đến thế kỷ XX (Song ngữ)
स्वरूप: पुस्तक
भाषा:Undetermined
प्रकाशित: Hà Nội Giáo Dục 1997
विषय:
टैग : टैग जोड़ें
कोई टैग नहीं, इस रिकॉर्ड को टैग करने वाले पहले व्यक्ति बनें!
Thư viện lưu trữ: Trung tâm Học liệu Trường Đại học Cần Thơ
LEADER 00787nam a2200181Ia 4500
001 CTU_31198
008 210402s9999 xx 000 0 und d
082 |a 808.1 
082 |b B103 
100 |a 100 bài thơ Pháp từ thế kỷ XV đến thế kỷ XX (Song ngữ) 
245 0 |a 100 bài thơ Pháp từ thế kỷ XV đến thế kỷ XX (Song ngữ) 
245 0 |b = 100 poèmes francais du XVè siècle au XXè siècle 
245 0 |c 100 bài thơ Pháp từ thế kỷ XV đến thế kỷ XX (Song ngữ), Phạm Nguyên Phẩm 
260 |a Hà Nội 
260 |b Giáo Dục 
260 |c 1997 
650 |a french poetry ( vietnemese ),french poetry - collections 
980 |a Trung tâm Học liệu Trường Đại học Cần Thơ